000 00539nam a2200169 i 4500
001 26542
003 ES-MaACL
005 20230906153446.0
007 t|
008 030109s1933 gt ||||1| spa d
100 1 _aArévalo Martínez, Rafael.
_922664
245 1 3 _aLa signatura de la esfinge /
_cRafael Arévalo Martínez ; [Narración de J. M. Ceudal, profesor universitario].
260 _aGuatemala :
_b[s.n.,
_c1933] (
_fImp. Electra)
300 _a53 p. ;
_c21 cm.
700 1 _aCeudal, J. M.
_937703
852 _aES-MaACL
_j1777-F-16
999 _c26542
_d26542